[Event "GER-chT U12 Girls"]
[Site "Magdeburg"]
[Date "2023.12.27"]
[Round "2.4"]
[White "Rabus, Luise"]
[Black "Mauhs, Helena"]
[Result "0-1"]
[WhiteElo "913"]
[BlackElo "1194"]
[PlyCount "59"]
[EventDate "2023.12.26"]
[EventType "team-swiss"]
[EventRounds "7"]
[EventCountry "GER"]
[SourceTitle "CBM 218 Extra"]
[Source "ChessBase"]
[SourceDate "2024.03.31"]
[SourceVersion "1"]
[SourceVersionDate "2024.03.31"]
[SourceQuality "1"]
[WhiteTeam "Oberschoeneweide"]
[BlackTeam "Bayern Muenchen"]
[WhiteTeamCountry "GER"]
[BlackTeamCountry "GER"]

1. e4 e5 2. Nf3 Nc6 3. Bc4 Bc5 4. d3 Nf6 5. c3 d6 6. h3 Be6 7. Bb3 Qd7 8. Bxe6 fxe6 9. 0-0 d5 10. Re1 0-0 11. d4 exd4 12. cxd4 Bb4 13. Nbd2 dxe4 14. Ne5 Qxd4 15. Nxc6 bxc6 16. Nb3 Qxd1 17. Rxd1 Rad8 18. Bd2 Bxd2 19. Nxd2 Rd6 20. Nc4 Rd5 21. Ne3 Rb5 22. b3 Nd5 23. Ng4 Nc3 24. Rd7 Nd5 25. Rc1 Rb6 26. Ne5 e3 27. Kf1 Rxf2+ 28. Ke1 h6 29. Nxc6 Nf4 30. Ne5 0-1